[Event "9. LGA Premium Cup 2012"]
[Site "Nürnberg"]
[Date "2012.09.06"]
[Round "1.3"]
[White "Baramidze, David"]
[Black "Nuding, Matthias"]
[Result "1-0"]
[WhiteElo "2606"]
[BlackElo "2182"]
[PlyCount "103"]
[EventDate "2012.??.??"]
[WhiteTeam "SV Hockenheim"]
[BlackTeam "SC Noris-Tarrasch Nürnberg 1873"]

1. d4 d5 2. c4 dxc4 3. Nf3 Nf6 4. e3 Bg4 5. Bxc4 e6 6. Qb3 Bxf3 7. gxf3 Nbd7 8.
Qxb7 c5 9. dxc5 Bxc5 10. Qa6 O-O 11. Nd2 Ne5 12. Be2 Nd5 13. Qa4 Nb4 14. O-O f5
15. f4 Ng4 16. Bxg4 fxg4 17. a3 Nd5 18. Qe4 Rf6 19. b4 Bf8 20. Bb2 Rh6 21. Nc4
Qh4 22. Qg2 Rc8 23. Rac1 Ne7 24. Ne5 Rxc1 25. Rxc1 Qh5 26. Kf1 Qxh2 27. Nxg4
Qh1+ 28. Qxh1 Rxh1+ 29. Ke2 Rxc1 30. Bxc1 Ng6 31. Ne5 Nxe5 32. fxe5 a6 33. e4
Be7 34. f4 g6 35. Bd2 Kf7 36. Kf3 Ke8 37. f5 gxf5 38. exf5 exf5 39. Kf4 Kd7 40.
Kxf5 h5 41. e6+ Kc6 42. Kg6 h4 43. Kf7 h3 44. Bf4 Bh4 45. Bg3 Bg5 46. a4 Kd5
47. a5 Kc4 48. Bd6 Kd5 49. e7 Bxe7 50. Kxe7 Kc4 51. Kd7 Kb5 52. Kc7 1-0

[Event "9. LGA Premium Cup 2012"]
[Site "Nürnberg"]
[Date "2012.09.06"]
[Round "1.4"]
[White "Nabavi, Parwis"]
[Black "Epishin, Vladimir"]
[Result "0-1"]
[WhiteElo "2181"]
[BlackElo "2579"]
[PlyCount "82"]
[EventDate "2012.??.??"]
[WhiteTeam "SGEM Dreisamtal"]
[BlackTeam "Lübecker SV von 1873"]

1. d4 Nf6 2. Nf3 d6 3. c4 g6 4. Nc3 Bf5 5. Nh4 Bd7 6. e4 e5 7. dxe5 dxe5 8. Nf3
Nc6 9. Be2 Bb4 10. Bg5 h6 11. Bxf6 Qxf6 12. O-O Bxc3 13. bxc3 Rd8 14. Qc1 Kf8
15. Rb1 b6 16. c5 Kg7 17. Nd2 h5 18. Re1 h4 19. Nb3 Be6 20. Qe3 Qf4 21. Qxf4
exf4 22. cxb6 axb6 23. Red1 Ne5 24. Kf1 h3 25. f3 hxg2+ 26. Kxg2 Ra8 27. Rb2
Rh5 28. Rh1 Kf6 29. Rd2 Ke7 30. Nc1 Rah8 31. Nb3 Bh3+ 32. Kf2 Rg5 33. Rg1 Rxg1
34. Kxg1 Rh5 35. Bd1 Rg5+ 36. Kf2 Rg2+ 37. Ke1 Rg1+ 38. Kf2 Rf1+ 39. Ke2 Rh1
40. Kf2 Nc4 41. Rd4 Ne3 0-1

[Event "9. LGA Premium Cup 2012"]
[Site "Nürnberg"]
[Date "2012.09.06"]
[Round "1.5"]
[White "Danin, Alexandre"]
[Black "Martin, Stefan"]
[Result "1-0"]
[WhiteElo "2568"]
[BlackElo "2166"]
[PlyCount "85"]
[EventDate "2012.??.??"]
[WhiteTeam "Schachclub Tornado Wuppertal 199"]
[BlackTeam "SC 1934 Viernheim"]

1. e4 c5 2. Nf3 d6 3. d4 cxd4 4. Nxd4 Nf6 5. Nc3 Nc6 6. Bc4 e6 7. Be3 Be7 8.
Bb3 a6 9. f4 O-O 10. O-O Nxd4 11. Bxd4 b5 12. e5 dxe5 13. fxe5 Nd7 14. Ne4 Bb7
15. Nd6 Bxd6 16. exd6 Qg5 17. Rf2 a5 18. Qe2 Kh8 19. c3 Rae8 20. Raf1 a4 21. h4
Qxh4 22. Qxb5 Qe4 23. Bc2 Qc6 24. Bxa4 Nb8 25. Qxc6 Bxc6 26. Bxc6 Nxc6 27. Rxf7
Rxf7 28. Rxf7 Nxd4 29. cxd4 Kg8 30. Rc7 Rd8 31. d7 Kf8 32. Rc8 Ke7 33. Rxd8
Kxd8 34. a4 Kxd7 35. b4 Kc6 36. Kf2 h5 37. Kf3 g5 38. Ke4 h4 39. Kf3 Kd5 40. a5
Kxd4 41. a6 e5 42. a7 e4+ 43. Ke2 1-0

[Event "9. LGA Premium Cup 2012"]
[Site "Nürnberg"]
[Date "2012.09.06"]
[Round "1.6"]
[White "Liepold, Stefan"]
[Black "Braun, Arik"]
[Result "1/2-1/2"]
[WhiteElo "2161"]
[BlackElo "2557"]
[PlyCount "90"]
[EventDate "2012.??.??"]
[WhiteTeam "SC Erlangen 48/88 e.V."]
[BlackTeam "SC Eppingen"]

1. e4 c6 2. d4 d5 3. exd5 cxd5 4. c4 Nf6 5. Nc3 e6 6. Nf3 Bb4 7. cxd5 Nxd5 8.
Bd2 Nc6 9. Bd3 O-O 10. O-O Be7 11. a3 Bf6 12. Be3 Nxc3 13. bxc3 b6 14. Bf4 Bb7
15. Qe2 Rc8 16. Rad1 g6 17. Bh6 Re8 18. Rfe1 Qd5 19. Be4 Qh5 20. Qd2 Na5 21.
Bxb7 Nxb7 22. Bg5 Bxg5 23. Nxg5 Nd6 24. Qf4 Rxc3 25. Nxh7 Kxh7 26. Qxd6 Rec8
27. d5 exd5 28. Rxd5 Qh4 29. g3 Qc4 30. Rd4 Rc1 31. Rxc1 Qxc1+ 32. Rd1 Qc3 33.
Qf4 Kg7 34. Rd7 Qc1+ 35. Qxc1 Rxc1+ 36. Kg2 a5 37. Rb7 Rb1 38. a4 Kf6 39. h4
Rb4 40. Kf3 Ke6 41. g4 Kf6 42. Kg3 Rb3+ 43. f3 Rb4 44. Rc7 Ke6 45. Rb7 Kf6
1/2-1/2

[Event "9. LGA Premium Cup 2012"]
[Site "Nürnberg"]
[Date "2012.09.06"]
[Round "1.8"]
[White "Martin Fernandez, Rodrigo"]
[Black "Ikonnikov, Vyacheslav"]
[Result "0-1"]
[WhiteElo "2156"]
[BlackElo "2525"]
[PlyCount "66"]
[EventDate "2012.??.??"]
[WhiteTeam "SC Erlangen 48/88 e.V."]
[BlackTeam "SF Bad Mergentheim"]

1. d4 Nf6 2. c4 e6 3. Nc3 Bb4 4. Qc2 d6 5. Nf3 c5 6. dxc5 dxc5 7. Bg5 Nc6 8. e3
Qa5 9. Bd3 Bxc3+ 10. bxc3 Qc7 11. O-O b6 12. h3 Bb7 13. Rfd1 h6 14. Bxf6 gxf6
15. Bf1 Rd8 16. Rxd8+ Kxd8 17. Rd1+ Kc8 18. Qd2 Na5 19. Qd3 f5 20. Qd6 Qxd6 21.
Rxd6 Kc7 22. Rd2 Ba6 23. Ne5 f6 24. Ng6 Rd8 25. Rxd8 Kxd8 26. f4 Bxc4 27. Bxc4
Nxc4 28. Kf2 Nd6 29. Ke2 c4 30. Kd2 Ne4+ 31. Kc2 Kd7 32. g4 fxg4 33. hxg4 Kd6
0-1

[Event "9. LGA Premium Cup 2012"]
[Site "Nürnberg"]
[Date "2012.09.06"]
[Round "1.9"]
[White "Milov, Leonid"]
[Black "Zier, Oliver"]
[Result "1-0"]
[WhiteElo "2520"]
[BlackElo "2154"]
[PlyCount "57"]
[EventDate "2012.??.??"]
[WhiteTeam "SC Noris-Tarrasch Nürnberg 1873"]
[BlackTeam "TSV Bindlach Aktionär-Schachabte"]

1. e4 e6 2. Nf3 d5 3. Nc3 Nf6 4. e5 Nfd7 5. d4 c5 6. Ne2 Nc6 7. c3 cxd4 8. cxd4
f6 9. exf6 Nxf6 10. Nc3 Bd6 11. Bb5 O-O 12. O-O Qc7 13. Bg5 Ne4 14. Bh4 Rxf3
15. gxf3 Bxh2+ 16. Kg2 Nxc3 17. bxc3 Bf4 18. Bg3 Bd7 19. Rh1 Rf8 20. Rh4 h6 21.
Rxf4 Rxf4 22. Qd2 g5 23. Rh1 Kg7 24. Bxf4 Qxf4 25. Qxf4 gxf4 26. Rh4 a6 27.
Rg4+ Kh8 28. Bxc6 bxc6 29. Rg6 1-0

[Event "9. LGA Premium Cup 2012"]
[Site "Nürnberg"]
[Date "2012.09.06"]
[Round "1.10"]
[White "Kotz, Reinhard"]
[Black "Ginsburg, Gennadi"]
[Result "0-1"]
[WhiteElo "2153"]
[BlackElo "2516"]
[PlyCount "104"]
[EventDate "2012.??.??"]
[WhiteTeam "SV Puschendorf 1949 e.V."]
[BlackTeam "SV 1920 Hofheim"]

1. f4 c5 2. Nf3 Nc6 3. b3 Nf6 4. e3 g6 5. Bb2 Bg7 6. Be2 O-O 7. O-O b6 8. Ne5
Bb7 9. Nxc6 Bxc6 10. Bf3 d5 11. d3 Qd7 12. Nd2 Rad8 13. Qe2 d4 14. Bxc6 Qxc6
15. e4 Ne8 16. a4 Nd6 17. Rae1 e6 18. Bc1 a6 19. h4 f5 20. exf5 exf5 21. Qe6+
Kh8 22. Nc4 Bf6 23. g3 b5 24. axb5 axb5 25. Nxd6 Rxd6 26. Qe2 Ra8 27. h5 Qd7
28. Qh2 Kg7 29. Re2 Re8 30. Rfe1 Rxe2 31. Qxe2 Kf7 32. Ba3 Rc6 33. hxg6+ hxg6
34. Kf2 Rc8 35. Qf3 Kg7 36. Bc1 c4 37. bxc4 bxc4 38. Bd2 c3 39. Bc1 Rh8 40. Kg2
Rb8 41. Re2 Qa4 42. Qf2 Rb1 43. Re1 Qa1 44. Qg1 Qa8+ 45. Kh2 Qa4 46. Re2 Qa1
47. Re1 Qa2 48. Re2 Ra1 49. Qd1 Qb1 50. Re1 Ra2 51. Re2 Ra8 52. Qg1 Ra1 0-1

[Event "9. LGA Premium Cup 2012"]
[Site "Nürnberg"]
[Date "2012.09.06"]
[Round "1.13"]
[White "Farago, Ivan"]
[Black "Lodes, Hermann"]
[Result "1-0"]
[WhiteElo "2486"]
[BlackElo "2132"]
[PlyCount "49"]
[EventDate "2012.??.??"]
[WhiteTeam "SV Griesheim(DA)"]
[BlackTeam "SF Burgsinn"]

1. d4 d5 2. c4 c6 3. Nc3 Nf6 4. e3 g6 5. Nf3 Bg7 6. Bd3 O-O 7. O-O Bg4 8. h3
Bxf3 9. Qxf3 e6 10. b3 Nbd7 11. Bb2 dxc4 12. bxc4 e5 13. Rfd1 exd4 14. exd4 Re8
15. Rab1 Qa5 16. Bf1 Rab8 17. Bc1 b6 18. Bd2 c5 19. Nb5 Qa4 20. Rb3 Ne4 21. Bf4
Rbd8 22. Bd3 f5 23. Ra3 Qb4 24. Rb1 Nd2 25. Qd5+ 1-0

[Event "9. LGA Premium Cup 2012"]
[Site "Nürnberg"]
[Date "2012.09.06"]
[Round "1.14"]
[White "Krauß, Josef"]
[Black "Burg, Twan"]
[Result "0-1"]
[WhiteElo "2125"]
[BlackElo "2485"]
[PlyCount "54"]
[EventDate "2012.??.??"]
[WhiteTeam "Schachklub Schweinfurt 2000 e.V."]
[BlackTeam "Schachklub Turm Emsdetten e.V."]

1. e4 c6 2. d4 d5 3. exd5 cxd5 4. c4 Nf6 5. Nc3 Nc6 6. Nf3 e6 7. cxd5 Nxd5 8.
Bd3 g6 9. Bg5 f6 10. Bh4 Bh6 11. O-O O-O 12. Re1 Qa5 13. Qa4 Nxc3 14. Qxa5 Nxa5
15. bxc3 g5 16. Bg3 g4 17. Nh4 Bd2 18. Re4 f5 19. Re5 b6 20. Re2 Bxc3 21. Rc1
Bxd4 22. Rc7 Rf7 23. Rec2 Bc5 24. R7xc5 bxc5 25. Rxc5 Nb7 26. Rc4 Bd7 27. Bf4
Bb5 0-1

[Event "9. LGA Premium Cup 2012"]
[Site "Nürnberg"]
[Date "2012.09.06"]
[Round "1.15"]
[White "Hoffmann, Michael"]
[Black "Shiomi, Ryo"]
[Result "1-0"]
[WhiteElo "2479"]
[BlackElo "2122"]
[PlyCount "59"]
[EventDate "2012.??.??"]
[WhiteTeam "Schachgesellschaft Solingen e.V."]
[BlackTeam "Schachklub Turm Emsdetten e.V."]

1. d4 d5 2. c4 e6 3. Nf3 c5 4. cxd5 exd5 5. g3 Nc6 6. Bg2 Nf6 7. O-O Be7 8. Nc3
O-O 9. Bg5 c4 10. Ne5 Be6 11. b3 h6 12. Bxf6 Bxf6 13. Nxc6 bxc6 14. Na4 Rc8 15.
Rc1 Be7 16. bxc4 dxc4 17. Qd2 Qd7 18. Rfd1 Rfd8 19. Qc2 Qc7 20. e3 Rb8 21. Rb1
Rb5 22. Nc3 Ra5 23. Ne4 Ra3 24. Bf1 c5 25. d5 Bxd5 26. Bxc4 Qe5 27. Bxd5 Rxd5
28. Rxd5 Qxd5 29. Rb8+ Bf8 30. Qxc5 1-0

[Event "9. LGA Premium Cup 2012"]
[Site "Nürnberg"]
[Date "2012.09.06"]
[Round "1.16"]
[White "Zaragatski, Ilja"]
[Black "Karasek, Christian"]
[Result "1-0"]
[WhiteElo "2471"]
[BlackElo "2108"]
[PlyCount "77"]
[EventDate "2012.??.??"]
[WhiteTeam "Sportfreunde Katernberg 1913 e.V"]
[BlackTeam "SC Noris-Tarrasch Nürnberg 1873"]

1. Nf3 g6 2. e4 Bg7 3. d4 d6 4. Nc3 a6 5. a4 b6 6. Be2 Nc6 7. d5 Ne5 8. Nd4 Bb7
9. f4 c5 10. Nb3 Nd7 11. O-O Qc7 12. Nd2 Ngf6 13. Nc4 O-O 14. Bf3 Ne8 15. Kh1
Rb8 16. Qe2 e6 17. dxe6 fxe6 18. Bg4 Rf6 19. Rd1 Nf8 20. Nxd6 Nxd6 21. e5 Nf5
22. exf6 Bxf6 23. Ne4 Bg7 24. c3 Qe7 25. Bd2 h5 26. Bh3 Qh4 27. Be1 Qe7 28. Bf2
Bd5 29. Rd2 Qb7 30. Re1 Bc6 31. a5 Bh6 32. axb6 Bxf4 33. Nxc5 Qc8 34. Rdd1 Rxb6
35. Nd3 Bc7 36. Bxb6 Bxb6 37. Nf4 Qb7 38. Nxe6 Ne3 39. Rd8 1-0

[Event "9. LGA Premium Cup 2012"]
[Site "Nürnberg"]
[Date "2012.09.06"]
[Round "1.17"]
[White "Willim, Michael"]
[Black "Graf, Felix"]
[Result "0-1"]
[WhiteElo "2107"]
[BlackElo "2449"]
[PlyCount "74"]
[EventDate "2012.??.??"]
[WhiteTeam "SC Erlangen 48/88 e.V."]
[BlackTeam "FC Bayern München e.V."]

1. c4 e5 2. g3 Nc6 3. Bg2 Bc5 4. Nc3 d6 5. d3 Nf6 6. Nf3 Bg4 7. a3 a5 8. h3 Bf5
9. O-O h6 10. e3 Ba7 11. Nh4 Bd7 12. Nf3 O-O 13. Rb1 Qc8 14. Kh2 Bf5 15. b4 Bh7
16. Ne1 Re8 17. Qc2 e4 18. d4 h5 19. b5 Ne7 20. Bd2 Bxd4 21. Ne2 Be5 22. Bc3
Ng6 23. Qd2 h4 24. b6 cxb6 25. Rxb6 Qxc4 26. Bxe5 dxe5 27. Rxb7 Rab8 28. Rxb8
Rxb8 29. g4 Nf8 30. f4 exf3 31. Nxf3 Ne4 32. Qe1 Rb2 33. Neg1 Qc2 34. Nxh4 g5
35. Qc1 gxh4 36. Qxc2 Rxc2 37. Nf3 Nd2 0-1

[Event "9. LGA Premium Cup 2012"]
[Site "Nürnberg"]
[Date "2012.09.06"]
[Round "1.18"]
[White "Pezerovic, Edin"]
[Black "Wolter, Jens"]
[Result "1-0"]
[WhiteElo "2459"]
[BlackElo "2102"]
[PlyCount "57"]
[EventDate "2012.??.??"]
[WhiteTeam "Münchener SC 1836 e.V."]
[BlackTeam "SC Garching 1980 e.V."]

1. d4 d5 2. Nf3 Nc6 3. c4 Bg4 4. Bf4 e6 5. Nc3 Bb4 6. Ne5 Bxc3+ 7. bxc3 Nxe5 8.
Bxe5 f6 9. Bg3 Ne7 10. Qb3 b6 11. e3 O-O 12. h3 Bh5 13. cxd5 exd5 14. Ba6 Bf7
15. O-O Qd7 16. Rac1 Nf5 17. Bf4 Nd6 18. Bd3 c5 19. Qa3 Qc6 20. Rfd1 Rfd8 21.
Be2 Ne4 22. dxc5 Qxc5 23. Qb2 Rac8 24. Ba6 Nxc3 25. Bxc8 Rxc8 26. Bd6 Qc4 27.
Re1 Be6 28. Bb4 Na4 29. Qd2 1-0

[Event "9. LGA Premium Cup 2012"]
[Site "Nürnberg"]
[Date "2012.09.06"]
[Round "1.19"]
[White "Troyke, Doreen"]
[Black "Mainka, Romuald"]
[Result "0-1"]
[WhiteElo "2100"]
[BlackElo "2457"]
[PlyCount "52"]
[EventDate "2012.??.??"]
[WhiteTeam "Erfurter Schachklub"]
[BlackTeam "Schachclub Hansa Dortmund e.V."]

1. c4 e5 2. g3 Nf6 3. Bg2 h6 4. Nc3 Bb4 5. e3 Bxc3 6. bxc3 d6 7. Ne2 O-O 8. O-O
Re8 9. Rb1 c6 10. Ba3 d5 11. cxd5 cxd5 12. c4 dxc4 13. Bxb7 Bxb7 14. Rxb7 Qa5
15. Qc1 Nbd7 16. Rb4 Rac8 17. Nc3 e4 18. Rb5 Qa6 19. Qb2 Ne5 20. Bb4 Rcd8 21.
Kg2 Nf3 22. Ra5 Qe6 23. Ne2 Nd5 24. h3 Qb6 25. Bc3 Nxc3 26. Qxc3 Rd3 0-1

[Event "9. LGA Premium Cup 2012"]
[Site "Nürnberg"]
[Date "2012.09.06"]
[Round "1.21"]
[White "Schubert, Dieter"]
[Black "Renner, Christoph"]
[Result "0-1"]
[WhiteElo "2094"]
[BlackElo "2452"]
[PlyCount "118"]
[EventDate "2012.??.??"]
[WhiteTeam "SV Puschendorf 1949 e.V."]
[BlackTeam "FC Bayern München e.V."]

1. d4 f5 2. c4 Nf6 3. Nc3 d6 4. Nf3 g6 5. g3 Bg7 6. Bg2 O-O 7. O-O c6 8. d5 e5
9. dxe6 Bxe6 10. b3 Na6 11. Bb2 Qe7 12. Ng5 Bd7 13. Qd2 Rad8 14. Rad1 h6 15.
Nh3 Be6 16. Nf4 Bf7 17. Nd3 Rfe8 18. Rfe1 Ne4 19. Qc1 d5 20. cxd5 Nxc3 21. Bxc3
Bxd5 22. Bxd5+ Rxd5 23. Bxg7 Qxg7 24. Nf4 Rc5 25. Qd2 g5 26. Ng2 Rce5 27. Ne3
Nc5 28. Nc4 Ne4 29. Qb2 R5e7 30. Qxg7+ Kxg7 31. e3 Nc3 32. Rc1 Nd5 33. Nd2 Rd8
34. Red1 Nb4 35. Nf3 Rxd1+ 36. Rxd1 Nxa2 37. Ra1 Nc3 38. Nd4 Kf6 39. Rxa7 c5
40. Nc2 Rd7 41. Ra1 Rd2 42. Na3 b5 43. Kg2 Rb2 44. Rc1 b4 45. Nc4 Rxb3 46. Na5
Rb1 47. Rc2 Ke6 48. Nb7 Kd5 49. Na5 Rd1 50. f3 g4 51. fxg4 fxg4 52. Rf2 Ne4 53.
Rf5+ Ke6 54. Rh5 Rd2+ 55. Kg1 Ra2 56. Rxh6+ Nf6 57. Nb3 c4 58. Nd4+ Kf7 59. Rh8
b3 0-1

[Event "9. LGA Premium Cup 2012"]
[Site "Nürnberg"]
[Date "2012.09.06"]
[Round "1.22"]
[White "Zude, Arno"]
[Black "Krah, Michael"]
[Result "1-0"]
[WhiteElo "2446"]
[BlackElo "2091"]
[PlyCount "197"]
[EventDate "2012.??.??"]
[WhiteTeam "SV 1920 Hofheim"]
[BlackTeam "SV Alsfeld"]

1. e4 d6 2. d4 Nf6 3. Nc3 e5 4. dxe5 dxe5 5. Qxd8+ Kxd8 6. Bg5 Be6 7. O-O-O+
Nbd7 8. f4 exf4 9. Nf3 Kc8 10. Bxf4 Bc5 11. h3 h6 12. Nd4 Re8 13. Be2 c6 14.
Bf3 Bb4 15. a3 Bxc3 16. bxc3 Nb6 17. Rhe1 Rd8 18. Be2 Rd7 19. c4 Kd8 20. e5 Ne4
21. Nxe6+ fxe6 22. Bd3 Nc5 23. Be3 Nba4 24. Rf1 Ke7 25. Rf3 Rf8 26. Rdf1 Rxf3
27. Rxf3 Rd8 28. Bg6 Rf8 29. Bf2 Rxf3 30. gxf3 b6 31. Kd2 Nd7 32. Bh4+ Kf8 33.
f4 Nac5 34. Ke3 Nb7 35. Bh5 Na5 36. Kd3 Nc5+ 37. Kd4 Nab7 38. Bf3 Na5 39. Be1
Ncb7 40. h4 g6 41. h5 Kg7 42. Bg4 c5+ 43. Kd3 Nd8 44. Bh4 Nac6 45. Ke4 Kf7 46.
c3 Kg7 47. hxg6 Kxg6 48. f5+ exf5+ 49. Bxf5+ Kf7 50. Bg4 Ne7 51. Bd7 Ne6 52.
Bf6 Nf8 53. Bg4 Ne6 54. Bh5+ Kf8 55. Be2 Kf7 56. Bg4 Nc7 57. Kd3 Nc6 58. Bf3
Ne7 59. Bb7 Ke6 60. Ke4 Ne8 61. Bd5+ Kd7 62. e6+ Kd8 63. Bh4 Nd6+ 64. Ke5 Ndc8
65. Kf6 Ke8 66. Bg3 b5 67. Bf4 Nb6 68. Bf3 Nxc4 69. Bh5+ Kd8 70. Kf7 Nf5 71.
Kg6 Ne7+ 72. Kxh6 Nd5 73. Bg5+ Kc7 74. Bf3 Ncb6 75. Kg7 a5 76. Bd2 Kd6 77. Kf7
Nc8 78. Be2 b4 79. cxb4 cxb4 80. axb4 axb4 81. Bc4 Kc5 82. Bb3 Nc7 83. Be3+ Kb5
84. Bf4 Nxe6 85. Kxe6 Nb6 86. Ke5 Nc4+ 87. Kd4 Na5 88. Bf7 Ka4 89. Kd3 Nb7 90.
Kc2 Nc5 91. Bd6 Nb7 92. Be8+ Ka3 93. Be7 Na5 94. Bf7 Nc6 95. Bc5 Ne5 96. Bd5
Nd7 97. Bd4 Nb8 98. Bb3 Nc6 99. Bb2# 1-0

[Event "9. LGA Premium Cup 2012"]
[Site "Nürnberg"]
[Date "2012.09.06"]
[Round "1.23"]
[White "Hirschinger, Thomas"]
[Black "Wagner, Dennis"]
[Result "0-1"]
[WhiteElo "2083"]
[BlackElo "2445"]
[PlyCount "94"]
[EventDate "2012.??.??"]
[WhiteTeam "SK Landau"]
[BlackTeam "SV Hockenheim"]

1. Nf3 Nf6 2. b3 g6 3. Bb2 Bg7 4. c4 c5 5. g3 Nc6 6. Bg2 O-O 7. O-O d6 8. Nc3
Bf5 9. d3 Qd7 10. Re1 a6 11. Qd2 Rab8 12. Nd5 e5 13. e4 Bg4 14. Ne3 Bh3 15. Qe2
b5 16. Nd2 Nd4 17. Bxd4 cxd4 18. Nd5 Nxd5 19. exd5 Bxg2 20. Kxg2 bxc4 21. Nxc4
Rb5 22. f4 Qb7 23. fxe5 Qxd5+ 24. Qe4 dxe5 25. Qxd5 Rxd5 26. Re2 f6 27. b4 Rd7
28. a4 Rb8 29. Rb1 f5 30. Kf1 e4 31. dxe4 d3 32. Re3 d2 33. Ke2 Rxb4 34. Nxd2
Rxd2+ 35. Kxd2 Rxb1 36. Kc2 Rb2+ 37. Kd1 fxe4 38. Rxe4 Rxh2 39. Re8+ Kf7 40.
Ra8 Rg2 41. Ra7+ Kf6 42. Rxa6+ Kf5 43. Ra7 Bc3 44. Rxh7 Ke4 45. Re7+ Kd3 46.
Rd7+ Bd4 47. Rd8 Rg1# 0-1

[Event "9. LGA Premium Cup 2012"]
[Site "Nürnberg"]
[Date "2012.09.06"]
[Round "1.24"]
[White "Blübaum, Matthias"]
[Black "Hörmann, Gunther"]
[Result "1-0"]
[WhiteElo "2433"]
[BlackElo "2080"]
[PlyCount "61"]
[EventDate "2012.??.??"]
[WhiteTeam "SAbt SV Werder Bremen"]
[BlackTeam "TSV Cadolzburg e.V."]

1. d4 Nf6 2. c4 e6 3. Nf3 Bb4+ 4. Bd2 Qe7 5. g3 Ne4 6. Bg2 O-O 7. O-O Bxd2 8.
Nbxd2 Nxd2 9. Qxd2 d6 10. Qc3 Nd7 11. Rad1 c6 12. b4 e5 13. dxe5 dxe5 14. c5
Re8 15. Nd2 Nf6 16. Nc4 Bg4 17. Rd2 Red8 18. Nd6 Ne8 19. h3 Bc8 20. Rfd1 Nxd6
21. cxd6 Qe8 22. Qc5 f6 23. b5 Bd7 24. bxc6 Bxc6 25. d7 Qf8 26. Bd5+ Bxd5 27.
Qxd5+ Qf7 28. Qxb7 h6 29. Rc1 Qf8 30. Rdc2 Rab8 31. Qxb8 1-0

[Event "9. LGA Premium Cup 2012"]
[Site "Nürnberg"]
[Date "2012.09.06"]
[Round "1.26"]
[White "Lanka, Zigurds"]
[Black "Göttle, Artur"]
[Result "1-0"]
[WhiteElo "2417"]
[BlackElo "2075"]
[PlyCount "51"]
[EventDate "2012.??.??"]
[WhiteTeam "TSV Schott Mainz"]
[BlackTeam "SC Dillingen"]

1. e4 c6 2. d4 d5 3. exd5 cxd5 4. c4 e6 5. Nc3 Nf6 6. Nf3 Be7 7. cxd5 Nxd5 8.
Bd3 Nc6 9. a3 a6 10. O-O O-O 11. Re1 Ra7 12. Qc2 g6 13. Bh6 Re8 14. Ne4 Nf6 15.
Rad1 Nxe4 16. Bxe4 Bd7 17. d5 exd5 18. Bxd5 Bf6 19. h4 Rxe1+ 20. Rxe1 Nd4 21.
Nxd4 Bxd4 22. Bxf7+ Kh8 23. Rd1 Bg4 24. Rd2 b6 25. Qc3 Rd7 26. Rxd4 1-0

[Event "9. LGA Premium Cup 2012"]
[Site "Nürnberg"]
[Date "2012.09.06"]
[Round "1.27"]
[White "Baskin, Robert"]
[Black "Svane, Rasmus"]
[Result "0-1"]
[WhiteElo "2070"]
[BlackElo "2397"]
[PlyCount "52"]
[EventDate "2012.??.??"]
[WhiteTeam "SAbt TuS Makkabi Ffm"]
[BlackTeam "Hamburger SK von 1830 eV"]

1. e4 e6 2. d4 d5 3. Nc3 Nf6 4. e5 Nfd7 5. f4 c5 6. Nf3 Nc6 7. Be3 Be7 8. Be2
O-O 9. O-O f6 10. exf6 Nxf6 11. Kh1 Ne4 12. dxc5 Bxc5 13. Bxc5 Nxc5 14. Qd2 Qf6
15. g3 Bd7 16. Rad1 Rad8 17. Nd4 Be8 18. Bf3 Bg6 19. Nce2 Ne4 20. Qe3 e5 21.
fxe5 Nxe5 22. Bg2 Ng4 23. Qc1 Qe5 24. Nf3 Nef2+ 25. Kg1 Qxe2 26. Rfe1 Qxc2 0-1

[Event "9. LGA Premium Cup 2012"]
[Site "Nürnberg"]
[Date "2012.09.06"]
[Round "1.28"]
[White "Wettermann, Bernd"]
[Black "Hirn, Oskar"]
[Result "0-1"]
[WhiteElo "1741"]
[BlackElo "2217"]
[PlyCount "52"]
[EventDate "2012.??.??"]
[WhiteTeam "FC Konradsreuth"]
[BlackTeam "SC Noris-Tarrasch Nürnberg 1873"]

1. e4 d6 2. d4 Nf6 3. Nc3 g6 4. f4 Bg7 5. Nf3 O-O 6. Bc4 c5 7. e5 Ng4 8. h3
cxd4 9. hxg4 dxc3 10. Ng5 cxb2 11. Bxb2 Qa5+ 12. Kf1 Qb4 13. Qd3 Qxb2 14. Re1
dxe5 15. Nxh7 Qd4 16. Qxd4 exd4 17. Rxe7 Nc6 18. Rc7 Bxg4 19. Nxf8 Rxf8 20. Kf2
Nd8 21. a4 a5 22. Rb1 Bf5 23. Rb5 Bxc2 24. Rxa5 d3 25. Rd7 d2 26. Rxd2 Bc3 0-1

[Event "9. LGA Premium Cup 2012"]
[Site "Nürnberg"]
[Date "2012.09.06"]
[Round "1.29"]
[White "Fedorovsky, Michael"]
[Black "Steinmüller, Alexander"]
[Result "1-0"]
[WhiteElo "2401"]
[BlackElo "2068"]
[PlyCount "43"]
[EventDate "2012.??.??"]
[WhiteTeam "SC Tarrasch 45 München"]
[BlackTeam "SV Puschendorf 1949 e.V."]

1. d4 d6 2. c4 e5 3. Nf3 Nd7 4. Nc3 Ngf6 5. Bg5 Be7 6. e3 O-O 7. Qc2 c6 8. Bd3
h6 9. Bh4 Re8 10. O-O-O Qa5 11. Kb1 Rb8 12. Bg3 Bf8 13. c5 Nh5 14. cxd6 Nxg3
15. hxg3 exd4 16. Nxd4 Nf6 17. Bc4 Qc5 18. Bb3 Bxd6 19. Rxh6 Qg5 20. Rh4 g6 21.
Nf3 Qc5 22. Qxg6+ 1-0

[Event "9. LGA Premium Cup 2012"]
[Site "Nürnberg"]
[Date "2012.09.06"]
[Round "1.30"]
[White "Eber, Fabian"]
[Black "Meinhardt, Maximilian"]
[Result "1/2-1/2"]
[WhiteElo "1986"]
[BlackElo "2397"]
[PlyCount "50"]
[EventDate "2012.??.??"]
[WhiteTeam "SF Wilhermsdorf e.V."]
[BlackTeam "SC 1934 Viernheim"]

1. e4 e6 2. e5 d6 3. exd6 Bxd6 4. d4 Nf6 5. Nf3 b6 6. Bg5 Bb7 7. Nbd2 Nbd7 8.
Bd3 h6 9. Bh4 Qe7 10. Be4 c6 11. O-O g5 12. Bg3 Bxg3 13. fxg3 Nxe4 14. Nxe4
O-O-O 15. Qe2 f6 16. a4 Kb8 17. a5 Rhe8 18. axb6 axb6 19. Rfe1 g4 20. Nfd2 f5
21. Nc3 Qd6 22. Qf2 Nf6 23. Nb3 Kc7 24. Re5 Nd7 25. Re3 Ra8 1/2-1/2

[Event "9. LGA Premium Cup 2012"]
[Site "Nürnberg"]
[Date "2012.09.06"]
[Round "1.31"]
[White "Zude, Erik"]
[Black "Nuber, Helene"]
[Result "1-0"]
[WhiteElo "2395"]
[BlackElo "2060"]
[PlyCount "45"]
[EventDate "2012.??.??"]
[WhiteTeam "SV 1920 Hofheim"]
[BlackTeam "SC Dillingen"]

1. d4 e6 2. c4 Nf6 3. Nc3 d5 4. cxd5 exd5 5. Bg5 Be7 6. e3 c6 7. Qc2 Nbd7 8.
Bd3 O-O 9. Nge2 Re8 10. O-O Nf8 11. f3 c5 12. dxc5 Bxc5 13. Bxf6 Bxe3+ 14. Kh1
gxf6 15. Rad1 Be6 16. Be4 Qc8 17. Bxd5 Bxd5 18. Rxd5 Qc6 19. Rfd1 Kg7 20. Ng3
Re6 21. Rd6 Qc4 22. Nf5+ Kh8 23. Rxe6 1-0

[Event "9. LGA Premium Cup 2012"]
[Site "Nürnberg"]
[Date "2012.09.06"]
[Round "1.32"]
[White "Reimold, Jonas"]
[Black "Donchenko, Alexander"]
[Result "0-1"]
[WhiteElo "2046"]
[BlackElo "2395"]
[PlyCount "112"]
[EventDate "2012.??.??"]
[WhiteTeam "SC Eppingen"]
[BlackTeam "SK 1858 Gießen"]

1. e4 c5 2. c3 d6 3. d4 Nf6 4. Bd3 g6 5. dxc5 dxc5 6. Be3 Nbd7 7. Nf3 Bg7 8.
O-O O-O 9. Qe2 Qc7 10. h3 b6 11. Bg5 Bb7 12. Nbd2 h6 13. Be3 Rad8 14. Bc2 Nh5
15. Rfe1 Nf4 16. Bxf4 Qxf4 17. Rad1 Ne5 18. Qe3 Qxe3 19. Rxe3 Ba6 20. Nxe5 Bxe5
21. Ree1 Bb7 22. Nc4 Bc7 23. Ne3 e6 24. g3 g5 25. Ng4 Kg7 26. Ne3 Bc6 27. Bb1
h5 28. Bc2 Kf6 29. Nc4 b5 30. Ne3 Rxd1 31. Rxd1 Rd8 32. Rxd8 Bxd8 33. f4 h4 34.
Kf2 hxg3+ 35. Kxg3 gxf4+ 36. Kxf4 Bc7+ 37. Kf3 Kg5 38. Ng2 Be5 39. Ke3 c4 40.
Ne1 Bf4+ 41. Kd4 Bd6 42. Ke3 Kh4 43. Nf3+ Kg3 44. e5 Bc5+ 45. Nd4 Bd7 46. Be4
f5 47. Bb7 Bb6 48. a3 f4+ 49. Ke2 Bc7 50. Nc6 a6 51. a4 bxa4 52. Nd4 Bxe5 53.
Bxa6 Bxd4 54. cxd4 c3 55. Bd3 cxb2 56. Kd2 Bb5 0-1

[Event "9. LGA Premium Cup 2012"]
[Site "Nürnberg"]
[Date "2012.09.06"]
[Round "1.33"]
[White "Reich, Thomas"]
[Black "Stein, Tobias"]
[Result "1-0"]
[WhiteElo "2382"]
[BlackElo "2036"]
[PlyCount "87"]
[EventDate "2012.??.??"]
[WhiteTeam "FC Bayern München e.V."]
[BlackTeam "SV Alsfeld"]

1. d4 Nf6 2. Nf3 g6 3. c4 Bg7 4. Nc3 O-O 5. e4 d6 6. h3 e5 7. d5 Nbd7 8. Bg5 h6
9. Be3 a5 10. Nd2 b6 11. g4 Ne8 12. Bd3 Nc5 13. Bc2 f5 14. f3 Nf6 15. Qe2 Bd7
16. O-O-O f4 17. Bf2 Qb8 18. b3 Qb7 19. Kb2 Rfb8 20. Ndb1 b5 21. cxb5 Bxb5 22.
Qxb5 Qxb5 23. Nxb5 Rxb5 24. Nc3 Rb7 25. Ka1 Nfd7 26. Bd3 a4 27. bxa4 Nxa4 28.
Nxa4 Rxa4 29. Rb1 Nb6 30. Rhc1 Bf8 31. Rb3 Be7 32. Bb5 Ra5 33. Be1 Raa7 34.
Rcc3 Kf7 35. Ra3 Bf6 36. Rxa7 Rxa7 37. Kb2 Ke7 38. Kb3 Kd8 39. Bf2 Rb7 40. a4
h5 41. Kb4 Be7 42. a5 Nd7 43. a6 Rb8 44. a7 1-0